| 000 | 00675nam a2200229Ia 4500 | ||
|---|---|---|---|
| 001 | 676 | ||
| 003 | AR-BaAGN | ||
| 005 | 20230810113304.0 | ||
| 007 | ta | ||
| 008 | 211206s9999 xx 000 0 spa d | ||
| 040 |
_aAR-BaAGN _bspa _eaacr |
||
| 100 | 1 |
_aMitre, Bartolomé, _d1821-1906 _94481 |
|
| 245 | 1 | 0 |
_aUlrich Schmidel, primer historiador del Río de la Plata : _bnotas bibliográficas y biográficas. |
| 260 |
_aLa Plata : _bMuseo de la Plata, _c1890. |
||
| 300 |
_a17 páginas : _bilustraciones |
||
| 336 |
_2rdacontent _btxt |
||
| 337 |
_2rdamedia _bn |
||
| 338 |
_2rdacarrier _bnc |
||
| 500 | _aDe Anales del Museo de La Plata | ||
| 942 |
_cLIBRO _n0 |
||
| 999 |
_c676 _d676 |
||